| 000 | 00637nam a2200193Ia 4500 | ||
|---|---|---|---|
| 008 | 220216s9999 xx 000 0 und d | ||
| 100 | _aFah Lai Pin | ||
| 245 | 0 | _aProduction of low protein gloves : Current status and measurement caveats | |
| 260 | _b2nd International Rubber Glove Conference and Exhibition, Technical Papers, 29 June - 1 July, 2004, Kuala Lumpur, Malaysia. | ||
| 650 | _aExtractable protein | ||
| 650 | _aLatex protein allergy | ||
| 650 | _aLow protein gloves | ||
| 650 | _aProtein status | ||
| 650 | _aSMG | ||
| 700 | _aHashim Che Hasma | ||
| 700 | _aLang Mok Kok | ||
| 700 | _aMustafa Asrul | ||
| 942 | _cJS | ||
| 999 |
_c65837 _d65837 |
||